000
00290nam a2200109Ia 4500
008
200302s9999 xx 000 0 und d
100
_a
Michael J. Bednar, AIA
245
_a
Interior Pedestrian Places
260
_b
An Imprint of Watson - Guptill publication
260
_c
1989
300
_a
240 P.,
999
_c
924
_d
924